000
00212 a2200097 4500
001
49550
100
_a
Redman
245
_a
Reading random
260
_a
London
_b
Oxford university press
_c
090
_c
32077
_d
32077
942
_a
NUST-CAE
_c
M
_c
24533
999
_c
284623
_d
284623